[Event "1st Archibald 2019"]
[Site "Sochi"]
[Date "2019.05.19"]
[Round "9.16"]
[White "Solozhenkina, Elizaveta"]
[Black "Khudyakov, Stanislav"]
[Result "1-0"]
[WhiteElo "2329"]
[BlackElo "2086"]
[Annotator "NA RC"]
[PlyCount "111"]
[EventDate "2019.05.12"]
[EventType "swiss"]
[EventCountry "RUS"]
[SourceTitle "playchess.com"]
[Source "ChessBase"]
[SourceQuality "1"]
[TimeControl "5400+30"]

1. e4 {[%emt 0:00:00]} e6 {[%emt 0:00:05]} 2. d4 {[%emt 0:00:08]} d5 {[%emt 0:00:02]} 3. Nc3 {[%emt 0:00:06]} Nf6 {[%emt 0:00:37]} 4. e5 {[%emt 0:02:54]} Nfd7 {[%emt 0:00:14]} 5. f4 {[%emt 0:00:07]} c5 {[%emt 0:00:04]} 6. Nf3 {[%emt 0:00:07]} Nc6 {[%emt 0:00:04]} 7. Be3 {[%emt 0:00:08]} a6 {[%emt 0:01:08]} 8. Qd2 {[%emt 0:00:38]} b5 {[%emt 0:00:06]} 9. dxc5 {[%emt 0:00:39]} Bxc5 {[%emt 0:02:32]} 10. Bd3 {[%emt 0:02:24] C11: French: Classical System: 4 e5 and 4 Bg5 dxe4} Qb6 {[%emt 0:05:52]} 11. Bf2 {[%emt 0:00:17]} Bxf2+ {[%emt 0:03:32]} 12. Qxf2 {[%emt 0:00:06]} Qxf2+ {[%emt 0:00:05]} 13. Kxf2 {[%emt 0:00:06]} Nc5 {[%emt 0:00:13]} 14. Ne2 {[%emt 0:13:04]} Bb7 {[%emt 0:09:57]} 15. Ned4 {[%emt 0:02:10]} Ne7 $146 {[%emt 0:05:28]} ({Predecessor:} 15... Nb4 16. Ke3 Rc8 17. a3 Nbxd3 18. cxd3 {1-0 (29) Ragger,M (2697)-Elliott,W (2238) Baku 2016}) 16. Rhe1 {[%emt 0:07:28]} Rc8 {[%emt 0:05:03]} 17. Nd2 {[%emt 0:12:29]} g6 {[%emt 0:03:53]} 18. N2b3 {[%emt 0:03:08]} Ne4+ {[%emt 0:20:43]} 19. Kg1 {[%emt 0:02:56]} O-O {[%emt 0:02:03]} 20. a4 {[%emt 0:06:58]} bxa4 {[%emt 0:05:35]} 21. Rxa4 {[%emt 0:01:41]} Nc6 {[%emt 0:01:44]} 22. Nxc6 {[%emt 0:11:38]} Rxc6 $16 {[%emt 0:00:07]} 23. Rb4 {[%emt 0:00:17]} Rc7 {[%emt 0:02:47]} 24. c3 {[%emt 0:01:26]} f6 {[%emt 0:03:32]} 25. exf6 {[%emt 0:06:49]} Rxf6 {[%emt 0:00:17]} 26. g3 {[%emt 0:00:04]} h5 {[%emt 0:01:30]} 27. Bxe4 {[%emt 0:03:43]} dxe4 {[%emt 0:00:06]} 28. Na5 {[%emt 0:00:03]} Ba8 {[%emt 0:01:21]} 29. Rb6 {[%emt 0:02:02]} Bd5 {[%emt 0:06:06]} 30. c4 {[%emt 0:01:25]} Ba8 {[%emt 0:00:17]} 31. Rxa6 {[%emt 0:00:16]} Rc8 {[%emt 0:00:05]} 32. b4 {[%emt 0:01:00]} h4 {[%emt 0:00:09]} 33. b5 {[%emt 0:02:16]} hxg3 {[%emt 0:00:06]} 34. hxg3 {[%emt 0:00:03]} g5 {[%emt 0:00:03]} 35. fxg5 {[%emt 0:15:12]} Rf3 {[%emt 0:00:08]} 36. Rxe6 {[%emt 0:00:22]} Rxg3+ {[%emt 0:02:51]} 37. Kf2 {[%emt 0:00:26]} Rxg5 {[%emt 0:00:07]} 38. Ke3 {[%emt 0:00:27]} Rf8 {[%emt 0:00:37]} 39. Nc6 {[%emt 0:00:57]} Rg4 {[%emt 0:03:17]} 40. Ne5 {[%emt 0:01:58]} Rg3+ {[%emt 0:00:17]} 41. Kd4 {[%emt 0:00:01]} Rc8 {[%emt 0:00:08]} 42. b6 {[%emt 0:01:07]} Kg7 {[%emt 0:09:37]} 43. Rd6 {[%emt 0:00:21]} Rg2 {[%emt 0:01:37]} 44. Rd1 {[%emt 0:01:02]} Re8 {[%emt 0:00:46]} 45. c5 {[%emt 0:01:01]} e3 {[%emt 0:00:10]} 46. Nd3 {[%emt 0:00:50]} Rc2 {[%emt 0:02:59]} 47. Rg1+ {[%emt 0:00:34]} Kh7 {[%emt 0:00:13]} 48. Rd7+ {[%emt 0:00:23]} Kh6 {[%emt 0:00:15]} 49. b7 {[%emt 0:00:17]} Bxb7 {[%emt 0:00:14]} 50. Rxb7 {[%emt 0:00:01]} e2 {[%emt 0:00:07]} 51. Rb6+ {[%emt 0:00:49]} Kh7 {[%emt 0:00:06]} 52. Re1 {[%emt 0:00:42]} Rd8+ {[%emt 0:00:09]} 53. Rd6 {[%emt 0:00:04]} Re8 {[%emt 0:00:22]} 54. Rd5 {[%emt 0:00:35]} Rd2 {[%emt 0:01:41]} 55. Kc3 {[%emt 0:00:11]} Rd1 {[%emt 0:00:04]} 56. Kc2 {[%emt 0:00:10]} 1-0

[Event "1st Archibald 2019"]
[Site "Sochi"]
[Date "2019.05.19"]
[Round "9.17"]
[White "Mikhailovsky, Vladimir"]
[Black "Maltsevskaya, Aleksandra"]
[Result "0-1"]
[WhiteElo "2180"]
[BlackElo "2299"]
[Annotator "TA"]
[PlyCount "60"]
[EventDate "2019.05.12"]
[EventType "swiss"]
[EventCountry "RUS"]
[SourceTitle "playchess.com"]
[Source "ChessBase"]
[SourceQuality "1"]

{[%evp 11,63,-2,2,-1,15,-27,-8,-13,-9,-16,-6,-7,-16,-10,15,-67,-61,-109,-109,-108,-108,-109,-109,-134,-128,-131,-131,-121,-128,-131,-119,-132,-137,-159,-157,-179,-166,-241,-228,-249,-243,-224,-245,-520,-507,-526,-521,-514,-512,-514,-511,-527,-529,-29999]} 1. Nf3 Nf6 2. b3 g6 3. Bb2 Bg7 4. d4 O-O 5. Nbd2 d6 6. e4 Nbd7 7. g3 {A46: 1 d4 Nf6 2 Nf3 e6: Torre, London and Colle Systems} (7. e5 dxe5 8. dxe5 Ng4 9. Qe2 c6 10. h3 Nh6 11. g3 Nc5 12. Bg2 Qc7 13. O-O Be6 14. Bd4 Na6 {½-½ (64) Radibratovic,P (2332)-Banovic,I (2190) Novi Sad 2017}) 7... e5 8. Bg2 {[%cal Rd4e5]} exd4 9. Nxd4 {The position is equal.} d5 $146 ({Predecessor:} 9... Nc5 10. O-O Re8 11. f3 h5 12. Rb1 h4 13. g4 Nfd7 14. Nc4 a6 15. Qd2 Ne5 {½-½ (15) Horvath,S (2068)-Budai,D (2077) Hungary 2000}) 10. exd5 Re8+ 11. Ne2 $1 Qe7 12. Nc4 Nb6 {aiming for ...Nxc4.} 13. Ne3 ({White should try} 13. d6 $11 cxd6 14. Ne3) 13... Nfxd5 $1 $15 14. Nxd5 Nxd5 15. Bxg7 {Strongly threatening Bb2.} Bg4 $36 {[%mdl 2048] Black is on the roll.} 16. O-O Bxe2 ({Weaker is} 16... Kxg7 17. Qxd5 Bxe2 18. Qd4+ Kg8 19. Rfe1 $14) 17. Qd4 c5 18. Qb2 Bxf1 19. Rxf1 f6 20. Bh6 Rad8 21. c4 Nb4 22. Be3 Nd3 23. Qc3 {intending Bd5+.} Ne5 24. Bd5+ {[#]} (24. Bc1 $142) 24... Rxd5 $1 $19 {[%mdl 512]} 25. cxd5 {[#]} Nf3+ $1 26. Kh1 Qe4 27. Qc4 $2 {[#]} (27. d6 Ne1+ 28. f3 Nxf3 29. Qc4+ Qxc4 30. bxc4 Rxe3 31. d7) 27... Nd4+ $1 28. f3 Qxe3 29. d6+ Kg7 30. Qxc5 {[#] Black must now prevent Qc7+.} Qd3 {Played: Qe3-e2} 0-1

[Event "1st Archibald 2019"]
[Site "Sochi"]
[Date "2019.05.19"]
[Round "9.18"]
[White "Yandarbiev, Ruslan"]
[Black "Bimiev, Ahmad"]
[Result "0-1"]
[WhiteElo "2279"]
[BlackElo "2196"]
[Annotator "NA RC"]
[PlyCount "62"]
[EventDate "2019.05.12"]
[EventType "swiss"]
[EventCountry "RUS"]
[SourceTitle "playchess.com"]
[Source "ChessBase"]
[SourceQuality "1"]
[TimeControl "5400+30"]

1. b3 {[%emt 0:00:00]} c5 {[%emt 0:00:15]} 2. Bb2 {[%emt 0:00:06]} Nc6 {[%emt 0:00:06]} 3. e3 {[%emt 0:00:12]} Nf6 {[%emt 0:00:14]} 4. Nf3 {[%emt 0:00:19]} d5 {[%emt 0:01:31]} 5. Bb5 {[%emt 0:00:46]} Bd7 {[%emt 0:00:08]} 6. O-O {[%emt 0:00:14]} e6 {[%emt 0:00:09]} 7. d3 {[%emt 0:00:16]} a6 {[%emt 0:00:13]} 8. Bxc6 {[%emt 0:00:13]} Bxc6 {[%emt 0:00:08]} 9. Nbd2 {[%emt 0:00:10]} Bd6 {[%emt 0:00:11]} 10. Ne5 {[%emt 0:00:34]} O-O {[%emt 0:00:45]} 11. c4 {[%emt 0:00:30]} Nd7 {[%emt 0:01:36]} 12. Ndf3 {[%emt 0:00:30]} f6 {[%emt 0:01:31]} 13. Nxd7 {[%emt 0:00:47]} Qxd7 {[%emt 0:00:09]} 14. cxd5 {[%emt 0:00:14]} exd5 {[%emt 0:00:29]} 15. h3 {[%emt 0:00:36]} Kh8 {[%emt 0:00:58]} 16. d4 {[%emt 0:00:14]} c4 {[%emt 0:00:19]} 17. Qd2 {[%emt 0:01:18]} b5 {[%emt 0:00:38]} 18. Bc3 {[%emt 0:00:06]} Qe7 {[%emt 0:01:43]} 19. b4 {[%emt 0:00:16]} Bd7 {[%emt 0:00:47]} 20. a3 {[%emt 0:00:16]} Bf5 {[%emt 0:00:17]} 21. a4 {[%emt 0:00:29]} a5 {[%emt 0:05:01]} 22. Rfb1 {[%emt 0:03:53]} Bxb1 {[%emt 0:00:35]} 23. Rxb1 {[%emt 0:00:01]} axb4 {[%emt 0:00:16]} 24. Bxb4 {[%emt 0:00:05]} Bxb4 {[%emt 0:00:15]} 25. Rxb4 {[%emt 0:00:19]} bxa4 {[%emt 0:00:12]} 26. Rb2 {[%emt 0:00:08]} a3 {[%emt 0:00:47]} 27. Ra2 {[%emt 0:00:12]} Rfb8 {[%emt 0:00:16]} 28. Qc2 {[%emt 0:01:04]} Qe4 {[%emt 0:00:48]} 29. Qd2 {[%emt 0:02:13]} Qb1+ {[%emt 0:00:37]} 30. Kh2 {[%emt 0:00:22]} Rb2 {[%emt 0:00:19]} 31. Rxb2 {[%emt 0:00:34]} Qxb2 {[%emt 0:00:20]} 0-1

[Event "1st Archibald 2019"]
[Site "Sochi"]
[Date "2019.05.19"]
[Round "9.19"]
[White "Potapova, Margarita"]
[Black "Novikov, Evgenij"]
[Result "1-0"]
[WhiteElo "2253"]
[BlackElo "2148"]
[Annotator "NA RC"]
[PlyCount "89"]
[EventDate "2019.05.12"]
[EventType "swiss"]
[EventCountry "RUS"]
[SourceTitle "playchess.com"]
[Source "ChessBase"]
[SourceQuality "1"]
[TimeControl "5400+30"]

1. d4 {[%emt 0:00:00]} d5 {[%emt 0:00:07]} 2. c4 {[%emt 0:00:09]} e6 {[%emt 0:00:04]} 3. Nc3 {[%emt 0:00:06]} Nf6 {[%emt 0:00:06]} 4. Nf3 {[%emt 0:00:04]} Be7 {[%emt 0:00:43]} 5. Bf4 {[%emt 0:00:08]} b6 {[%emt 0:02:15]} 6. e3 {[%emt 0:01:30]} O-O {[%emt 0:00:26]} 7. cxd5 {[%emt 0:00:06]} exd5 {[%emt 0:01:28]} 8. Ne5 {[%emt 0:01:05]} c5 {[%emt 0:01:03]} 9. Bd3 {[%emt 0:02:56]} Bb7 {[%emt 0:03:49]} 10. O-O {[%emt 0:05:54]} Nc6 {[%emt 0:02:23]} 11. Rc1 {[%emt 0:13:41]} a6 {[%emt 0:07:13]} 12. dxc5 {[%emt 0:02:56]} bxc5 {[%emt 0:00:04]} 13. Na4 {[%emt 0:08:32]} c4 {[%emt 0:09:48]} 14. Bb1 {[%emt 0:03:03]} Rc8 {[%emt 0:11:00]} 15. Nc3 {[%emt 0:06:31]} Qb6 $11 {[%emt 0:07:16]} 16. Qe2 {[%emt 0:08:34]} Nxe5 {[%emt 0:04:25]} 17. Bxe5 {[%emt 0:00:08]} Qe6 {[%emt 0:00:08]} 18. Bd4 {[%emt 0:01:15]} Rfd8 {[%emt 0:01:23]} 19. Qf3 {[%emt 0:01:19]} Ne4 {[%emt 0:01:13]} 20. Rfd1 {[%emt 0:03:29]} f5 {[%emt 0:03:07]} 21. Ne2 {[%emt 0:01:28]} g6 {[%emt 0:01:03]} 22. Qf4 {[%emt 0:05:07]} Bd6 {[%emt 0:02:38]} 23. Qh6 {[%emt 0:02:47]} Bf8 {[%emt 0:00:05]} 24. Qf4 {[%emt 0:01:37]} Bd6 {[%emt 0:00:17]} 25. Qh6 {[%emt 0:00:37]} Bf8 {[%emt 0:00:06]} 26. Qh3 {[%emt 0:01:28]} Qf7 {[%emt 0:04:06]} 27. Bxe4 {[%emt 0:00:46]} dxe4 {[%emt 0:01:07]} 28. g3 {[%emt 0:07:18]} Rc6 {[%emt 0:01:16]} 29. Qf1 {[%emt 0:00:58]} g5 {[%emt 0:01:46]} 30. Bc3 {[%emt 0:02:51]} Rd3 {[%emt 0:00:33]} 31. Nd4 {[%emt 0:01:53]} Rh6 {[%emt 0:00:24]} 32. Qe2 {[%emt 0:00:39]} g4 {[%emt 0:07:37]} 33. Qf1 {[%emt 0:01:01]} Rd6 {[%emt 0:02:15]} 34. Ne2 {[%emt 0:00:51]} Qd7 {[%emt 0:00:21]} 35. Re1 {[%emt 0:00:10]} Bh6 {[%emt 0:01:29]} 36. Be5 {[%emt 0:00:27]} Rxe3 {[%emt 0:01:53]} 37. Bxd6 {[%emt 0:02:14]} Qxd6 {[%emt 0:00:27]} 38. fxe3 {[%emt 0:03:54]} Bxe3+ {[%emt 0:00:06]} 39. Kh1 {[%emt 0:00:20]} Bxc1 {[%emt 0:06:51]} 40. Nxc1 {[%emt 0:00:05]} e3+ {[%emt 0:12:50]} 41. Kg1 {[%emt 0:00:04]} Qc5 {[%emt 0:00:07]} 42. Re2 {[%emt 0:00:19]} c3 {[%emt 0:01:17]} 43. bxc3 {[%emt 0:00:42]} Qxc3 {[%emt 0:00:15]} 44. Nb3 {[%emt 0:01:11]} Bf3 {[%emt 0:03:21]} 45. Qe1 {[%emt 0:00:20]} 1-0

[Event "1st Archibald 2019"]
[Site "Sochi"]
[Date "2019.05.19"]
[Round "9.20"]
[White "Yudkevich, Mikhail"]
[Black "Azimov, Ilyas"]
[Result "1/2-1/2"]
[WhiteElo "1971"]
[BlackElo "2223"]
[Annotator "NA RC"]
[PlyCount "205"]
[EventDate "2019.05.12"]
[EventType "swiss"]
[EventCountry "RUS"]
[SourceTitle "playchess.com"]
[Source "ChessBase"]
[SourceQuality "1"]
[TimeControl "5400+30"]

1. d4 {[%emt 0:00:00]} Nf6 {[%emt 0:00:11]} 2. c4 {[%emt 0:00:12]} e6 {[%emt 0:00:29]} 3. g3 {[%emt 0:00:08]} c5 {[%emt 0:00:09]} 4. d5 {[%emt 0:00:09]} exd5 {[%emt 0:00:06]} 5. cxd5 {[%emt 0:00:03]} d6 {[%emt 0:00:03]} 6. Nc3 {[%emt 0:00:10]} g6 {[%emt 0:00:06]} 7. Bg2 {[%emt 0:00:09]} Bg7 {[%emt 0:00:09]} 8. Nf3 {[%emt 0:00:09]} O-O {[%emt 0:00:06]} 9. O-O {[%emt 0:00:04]} Re8 {[%emt 0:00:13]} 10. Bf4 {[%emt 0:00:23]} Ne4 {[%emt 0:02:54]} 11. Nxe4 {[%emt 0:00:36]} Rxe4 {[%emt 0:00:04]} 12. Nd2 {[%emt 0:00:03]} Rxf4 {[%emt 0:01:10]} 13. gxf4 {[%emt 0:00:03]} Bxb2 {[%emt 0:00:57]} 14. Rb1 {[%emt 0:00:31]} Bg7 {[%emt 0:01:03]} 15. e4 {[%emt 0:01:59]} Qf6 {[%emt 0:02:53]} 16. Qf3 {[%emt 0:20:41]} Nd7 {[%emt 0:08:39]} 17. Rfe1 {[%emt 0:05:10]} Rb8 {[%emt 0:01:48]} 18. e5 {[%emt 0:03:31]} dxe5 {[%emt 0:09:31]} 19. fxe5 {[%emt 0:00:15]} Nxe5 {[%emt 0:05:32]} 20. Qxf6 {[%emt 0:03:04]} Bxf6 {[%emt 0:00:04]} 21. Ne4 {[%emt 0:01:47]} Kg7 {[%emt 0:01:46]} 22. Nxc5 {[%emt 0:01:30]} b6 {[%emt 0:00:29]} 23. Rb3 {[%emt 0:08:40]} Bf5 {[%emt 0:01:27]} 24. Ne4 {[%emt 0:08:46]} Bxe4 {[%emt 0:00:16]} 25. Rxe4 {[%emt 0:01:45]} Rd8 {[%emt 0:00:35]} 26. Ra4 {[%emt 0:03:04]} Rd7 {[%emt 0:02:56]} 27. f4 {[%emt 0:11:04]} Ng4 {[%emt 0:00:01]} 28. Rba3 {[%emt 0:05:25]} Be7 {[%emt 0:05:40]} 29. Rxa7 {[%emt 0:02:18]} Bc5+ {[%emt 0:00:09]} 30. Kf1 {[%emt 0:01:35]} Nxh2+ {[%emt 0:07:19]} 31. Ke2 {[%emt 0:00:06]} Rd6 {[%emt 0:00:18]} 32. Rd3 {[%emt 0:00:40]} Ng4 {[%emt 0:01:32]} 33. Bh3 {[%emt 0:00:46]} Nh6 {[%emt 0:05:37]} 34. Kf3 {[%emt 0:04:14]} Rf6 {[%emt 0:00:48]} 35. Ke4 {[%emt 0:02:19]} Bd6 {[%emt 0:02:36]} 36. Rf3 {[%emt 0:00:30]} Ng8 {[%emt 0:03:00]} 37. Rd7 {[%emt 0:01:38]} h5 {[%emt 0:02:49]} 38. Be6 {[%emt 0:04:06]} Bc5 {[%emt 0:00:03]} 39. Bh3 {[%emt 0:01:51]} Ne7 {[%emt 0:01:25]} 40. Rd3 {[%emt 0:02:32]} Bd6 {[%emt 0:01:21]} 41. Rf3 {[%emt 0:00:12]} Bc5 {[%emt 0:00:48]} 42. Rd3 {[%emt 0:00:15]} Nc8 {[%emt 0:01:29]} 43. Ke5 {[%emt 0:01:15]} Bd6+ {[%emt 0:00:33]} 44. Rxd6 {[%emt 0:00:23]} Nxd6 {[%emt 0:00:07]} 45. Rc3 {[%emt 0:00:19]} b5 {[%emt 0:03:56]} 46. Rc6 {[%emt 0:00:37]} Nc4+ {[%emt 0:00:14]} 47. Ke4 {[%emt 0:01:16]} h4 {[%emt 0:08:50]} 48. a4 {[%emt 0:01:03]} Rxc6 {[%emt 0:01:11]} 49. dxc6 {[%emt 0:00:02]} bxa4 {[%emt 0:00:19]} 50. Kd3 {[%emt 0:00:14]} a3 {[%emt 0:01:20]} 51. Kxc4 {[%emt 0:00:27]} a2 {[%emt 0:00:08]} 52. c7 {[%emt 0:00:04]} a1=Q {[%emt 0:00:06]} 53. c8=Q {[%emt 0:00:20]} Qc1+ {[%emt 0:00:22]} 54. Kd3 {[%emt 0:00:57]} Qxf4 {[%emt 0:00:15]} 55. Ke2 {[%emt 0:01:18]} Qh2+ {[%emt 0:00:34]} 56. Kf1 {[%emt 0:00:49]} f5 {[%emt 0:01:04]} 57. Bg2 {[%emt 0:00:43]} Qf4+ {[%emt 0:00:27]} 58. Kg1 {[%emt 0:00:10]} Qe3+ {[%emt 0:00:41]} 59. Kh1 {[%emt 0:00:55]} h3 {[%emt 0:01:32]} 60. Qb7+ {[%emt 0:00:08]} Kh6 {[%emt 0:00:21]} 61. Bd5 {[%emt 0:01:08]} f4 {[%emt 0:04:59]} 62. Qc6 {[%emt 0:02:58]} Qe1+ {[%emt 0:05:37]} 63. Kh2 {[%emt 0:00:06]} Qf2+ {[%emt 0:00:04]} 64. Kh1 {[%emt 0:00:08]} h2 {[%emt 0:00:07]} 65. Qc1 {[%emt 0:00:36]} Kh5 {[%emt 0:02:23]} 66. Bg2 {[%emt 0:00:35]} f3 {[%emt 0:00:30]} 67. Bxf3+ {[%emt 0:00:45]} Qxf3+ {[%emt 0:00:04]} 68. Kxh2 {[%emt 0:00:06]} Qe2+ {[%emt 0:01:17]} 69. Kg3 {[%emt 0:00:21]} Qg4+ {[%emt 0:00:21]} 70. Kh2 {[%emt 0:00:20]} Qf3 {[%emt 0:01:04]} 71. Qc2 {[%emt 0:00:39]} Qf4+ {[%emt 0:00:39]} 72. Kh1 {[%emt 0:00:17]} Qf3+ {[%emt 0:03:23]} 73. Kg1 {[%emt 0:00:08]} Qg3+ {[%emt 0:01:01]} 74. Kh1 {[%emt 0:00:06]} Qh3+ {[%emt 0:02:00]} 75. Kg1 {[%emt 0:00:06]} Qe3+ {[%emt 0:02:17]} 76. Kh1 {[%emt 0:00:06]} Qf3+ {[%emt 0:01:10]} 77. Kg1 {[%emt 0:00:06]} Qh3 {[%emt 0:00:33]} 78. Qc7 {[%emt 0:00:59]} Qe3+ {[%emt 0:00:30]} 79. Kh1 {[%emt 0:00:33]} g5 {[%emt 0:00:30]} 80. Qc2 {[%emt 0:00:48]} Kh4 {[%emt 0:00:30]} 81. Qh7+ {[%emt 0:00:34]} Kg4 {[%emt 0:00:08]} 82. Qc2 {[%emt 0:00:13]} Qe1+ {[%emt 0:00:23]} 83. Kh2 {[%emt 0:00:08]} Qg3+ {[%emt 0:00:32]} 84. Kh1 {[%emt 0:00:09]} Qf3+ {[%emt 0:00:12]} 85. Kg1 {[%emt 0:00:32]} Qf4 {[%emt 0:00:29]} 86. Kh1 {[%emt 0:00:35]} Kf3 {[%emt 0:00:27]} 87. Qf2+ {[%emt 0:00:18]} Kg4 {[%emt 0:00:27]} 88. Qc2 {[%emt 0:00:09]} Qe3 {[%emt 0:00:36]} 89. Qg2+ {[%emt 0:00:11]} Kh4 {[%emt 0:00:13]} 90. Qc2 {[%emt 0:00:25]} Qf3+ {[%emt 0:01:03]} 91. Kg1 {[%emt 0:00:05]} Qe3+ {[%emt 0:00:21]} 92. Kh1 {[%emt 0:00:01]} Qf4 {[%emt 0:00:38]} 93. Qh7+ {[%emt 0:00:12]} Kg4 {[%emt 0:00:12]} 94. Qc2 {[%emt 0:00:07]} Kf3 {[%emt 0:00:17]} 95. Qf2+ {[%emt 0:00:21]} Ke4 {[%emt 0:00:02]} 96. Qc2+ {[%emt 0:00:13]} Ke3 {[%emt 0:00:08]} 97. Qc3+ {[%emt 0:00:19]} Ke2 {[%emt 0:00:09]} 98. Qc2+ {[%emt 0:00:26]} Ke1 {[%emt 0:00:06]} 99. Qf2+ {[%emt 0:00:59]} Kd1 {[%emt 0:00:01]} 100. Kg2 {[%emt 0:00:17]} Qg4+ {[%emt 0:00:23]} 101. Qg3 {[%emt 0:00:22]} Qe2+ {[%emt 0:00:17]} 102. Qf2 {[%emt 0:00:09]} Qxf2+ {[%emt 0:00:54]} 103. Kxf2 {[%emt 0:00:02]} 1/2-1/2

[Event "1st Archibald 2019"]
[Site "Sochi"]
[Date "2019.05.19"]
[Round "9.21"]
[White "Dashko, Andrey"]
[Black "Kazimov, Farhan"]
[Result "1-0"]
[WhiteElo "2211"]
[BlackElo "2146"]
[Annotator "TA"]
[PlyCount "25"]
[EventDate "2019.05.12"]
[EventType "swiss"]
[EventCountry "RUS"]
[SourceTitle "playchess.com"]
[Source "ChessBase"]
[SourceQuality "1"]

{[%evp 15,57,-51,-46,-185,93,102,97,93,258,153,188,69,75,69,224,225,215,194,381,387,375,357,442,427,481,496,494,493,893,884,1201,872,934,928,29984,29985,29985,29986,29981,29980,29977,4994,29998,29999]} 1. e4 c6 2. d4 d5 3. e5 Bf5 4. Nc3 e6 5. g4 Bg6 6. Nge2 c5 7. h4 h6 8. Nf4 Bh7 $1 9. g5 {B12: Caro-Kann: Advance Variation} (9. dxc5 $15 Bxc5 10. Bd3) 9... Bf5 $2 (9... hxg5 $19 10. hxg5 Bxc2 {[%mdl 64] Discovered Attack} 11. Rxh8 Bxd1 12. Kxd1 Ne7) (9... Nc6 10. g6 Bxg6 11. Nxg6 fxg6 12. Bb5 Nge7 13. dxc5 Qc7 14. f4 O-O-O 15. Rb1 d4 16. Ne4 Qa5+ {0-1 (28) Valuet,B (2211)-Le Roux,J (2533) Le Port Marly 2019}) 10. g6 $1 $16 {Bh3 is the strong threat.} fxg6 $146 ({Predecessor:} 10... Ne7 11. gxf7+ Kxf7 12. Bd3 Qd7 13. Nb5 Bxd3 14. Nd6+ Kg8 15. Qxd3 cxd4 16. Nh5 {1-0 (16) Bakajsa,L (1900)-Kochert,B Teplice 2009}) 11. Bd3 {White is better.} Ne7 $2 (11... Qd7 $16 {is a better defense.}) 12. Bxf5 (12. dxc5 Kd7 $14) (12. Nb5 $1 $18) 12... exf5 13. Be3 {Played: Nf4xg6} 1-0

[Event "1st Archibald 2019"]
[Site "Sochi"]
[Date "2019.05.19"]
[Round "9.22"]
[White "Yarikov, Artem"]
[Black "Yakimenko, Alexander A."]
[Result "0-1"]
[WhiteElo "1619"]
[BlackElo "2059"]
[Annotator "NA RC"]
[PlyCount "126"]
[EventDate "2019.05.12"]
[EventType "swiss"]
[EventCountry "RUS"]
[SourceTitle "playchess.com"]
[Source "ChessBase"]
[SourceQuality "1"]
[TimeControl "5400+30"]

1. e4 {[%emt 0:00:00]} e6 {[%emt 0:00:08]} 2. d4 {[%emt 0:00:05]} d5 {[%emt 0:00:04]} 3. exd5 {[%emt 0:00:06]} exd5 {[%emt 0:00:26]} 4. c4 {[%emt 0:00:06]} Bb4+ {[%emt 0:01:37]} 5. Nc3 {[%emt 0:00:11]} Qe7+ {[%emt 0:02:44]} 6. Qe2 {[%emt 0:03:48]} Nc6 {[%emt 0:02:20]} 7. Qxe7+ {[%emt 0:08:09]} Ngxe7 {[%emt 0:00:23]} 8. Nf3 {[%emt 0:03:57]} Bg4 {[%emt 0:07:42]} 9. Be3 {[%emt 0:02:23]} Nf5 {[%emt 0:11:41]} 10. O-O-O {[%emt 0:03:02]} Nxe3 {[%emt 0:01:12]} 11. fxe3 {[%emt 0:00:20]} dxc4 {[%emt 0:01:40]} 12. Bxc4 {[%emt 0:01:06]} O-O {[%emt 0:01:06]} 13. a3 {[%emt 0:02:42]} Bd6 {[%emt 0:05:36]} 14. h3 {[%emt 0:03:36]} Bxf3 {[%emt 0:07:24]} 15. gxf3 {[%emt 0:00:18]} Rfe8 {[%emt 0:00:52]} 16. Rhe1 {[%emt 0:04:52]} a6 {[%emt 0:04:41]} 17. Kb1 {[%emt 0:02:33]} Rab8 {[%emt 0:02:36]} 18. Ka2 {[%emt 0:24:34]} b5 {[%emt 0:03:46]} 19. Bd5 {[%emt 0:03:47]} Ne7 {[%emt 0:00:18]} 20. Be4 {[%emt 0:00:58]} c6 {[%emt 0:04:47]} 21. b4 {[%emt 0:03:14]} a5 {[%emt 0:06:44]} 22. Kb3 {[%emt 0:01:05]} Red8 {[%emt 0:04:13]} 23. Bd3 {[%emt 0:05:37]} f5 {[%emt 0:01:54]} 24. Bc2 {[%emt 0:05:50]} g6 {[%emt 0:02:48]} 25. Re2 {[%emt 0:03:02]} Rd7 {[%emt 0:03:41]} 26. Red2 {[%emt 0:02:46]} Ra7 {[%emt 0:00:50]} 27. Bb1 {[%emt 0:04:45]} Rba8 {[%emt 0:03:52]} 28. Ra2 {[%emt 0:01:31]} Nd5 {[%emt 0:01:06]} 29. Nxd5 {[%emt 0:07:23]} cxd5 {[%emt 0:00:14]} 30. Rc1 {[%emt 0:01:57]} Ra6 {[%emt 0:05:29]} 31. Rc3 {[%emt 0:01:05]} Kf7 {[%emt 0:04:01]} 32. Rc1 {[%emt 0:00:16]} Ke7 {[%emt 0:00:50]} 33. Re1 {[%emt 0:00:14]} axb4 {[%emt 0:01:37]} 34. axb4 {[%emt 0:00:07]} Rxa2 {[%emt 0:00:12]} 35. Bxa2 {[%emt 0:00:07]} Bxb4 {[%emt 0:00:50]} 36. Re2 {[%emt 0:00:47]} Bd6 {[%emt 0:00:14]} 37. e4 {[%emt 0:01:01]} dxe4 {[%emt 0:02:19]} 38. fxe4 {[%emt 0:00:09]} fxe4 {[%emt 0:01:06]} 39. Rxe4+ {[%emt 0:00:09]} Kf6 {[%emt 0:00:26]} 40. Kb2 {[%emt 0:00:15]} Kf5 {[%emt 0:00:54]} 41. Rg4 {[%emt 0:00:39]} Ra3 {[%emt 0:00:41]} 42. Bb3 {[%emt 0:00:33]} Ra7 {[%emt 0:00:10]} 43. Bc2+ {[%emt 0:00:14]} Kf6 {[%emt 0:00:08]} 44. Re4 {[%emt 0:00:44]} Ba3+ {[%emt 0:01:02]} 45. Kb3 {[%emt 0:00:57]} Bd6 {[%emt 0:00:18]} 46. Kb2 {[%emt 0:00:10]} Re7 {[%emt 0:01:04]} 47. Rxe7 {[%emt 0:01:17]} Bxe7 {[%emt 0:00:06]} 48. Bd3 {[%emt 0:00:24]} b4 {[%emt 0:00:07]} 49. Kc2 {[%emt 0:00:10]} Kg5 {[%emt 0:00:11]} 50. Bc4 {[%emt 0:00:21]} Kh4 {[%emt 0:01:42]} 51. Be6 {[%emt 0:00:06]} h5 {[%emt 0:00:37]} 52. Kd3 {[%emt 0:00:18]} g5 {[%emt 0:00:07]} 53. Ke2 {[%emt 0:00:27]} Kg3 {[%emt 0:00:21]} 54. Ke3 {[%emt 0:00:33]} Kg2 {[%emt 0:02:43]} 55. Ke2 {[%emt 0:00:38]} g4 {[%emt 0:01:04]} 56. hxg4 {[%emt 0:00:32]} h4 {[%emt 0:00:05]} 57. Kd3 {[%emt 0:00:23]} Kg3 {[%emt 0:01:28]} 58. Kc4 {[%emt 0:00:33]} Kf4 {[%emt 0:00:11]} 59. Kb3 {[%emt 0:01:54]} h3 {[%emt 0:00:12]} 60. g5 {[%emt 0:00:31]} h2 {[%emt 0:00:07]} 61. g6 {[%emt 0:00:10]} h1=Q {[%emt 0:00:28]} 62. g7 {[%emt 0:00:14]} Qf3+ {[%emt 0:01:00]} 63. Kb2 {[%emt 0:00:58]} Qg2+ {[%emt 0:00:10]} 0-1